[Event "1st WMSG Blitz Team"]
[Site "Beijing CHN"]
[Date "2008.10.13"]
[Round "3"]
[White "Sveshnikov, E."]
[Black "Korobov, A."]
[Result "1/2-1/2"]
[WhiteElo "2525"]
[BlackElo "2605"]
[PlyCount "130"]
[EventDate "2008.10.13"]
[SourceDate "1999.07.01"]

1. e4 e6 2. d4 d5 3. e5 c5 4. c3 Nc6 5. Nf3 Bd7 6. Be3 Nge7 7. Bd3 Ng6 8. h4
cxd4 9. cxd4 Bb4+ 10. Kf1 Nge7 11. h5 h6 12. a3 Ba5 13. b4 Bb6 14. Nc3 O-O 15.
Rh4 Nf5 16. Bxf5 exf5 17. Nxd5 Be6 18. Nf4 Ne7 19. Qd2 Kh7 20. Rd1 Nd5 21. Nxd5
Qxd5 22. Kg1 Rac8 23. Rf4 Bd8 24. Qd3 Kg8 25. Rxf5 Bxf5 26. Qxf5 Rc6 27. Nd2
Be7 28. Ne4 Rd8 29. Qg4 Qe6 30. Qf3 Qb3 31. d5 Rc4 32. Nd2 Qc2 33. Nxc4 Qxc4
34. d6 Bf8 35. Qxb7 Qb3 36. Qd5 Qxa3 37. Bc5 Qa4 38. d7 Qa6 39. b5 Qxb5 40.
Bxf8 Qxd5 41. Rxd5 Kxf8 42. f4 Ke7 43. Ra5 Rxd7 44. Kf2 f5 45. exf6+ Kxf6 46.
g4 Rb7 47. Ra6+ Kf7 48. Ra5 Rc7 49. Ke3 Rb7 50. Ke4 Rc7 51. Kf5 Rb7 52. g5 hxg5
53. fxg5 g6+ 54. hxg6+ Kg7 55. Ra6 Rc7 56. Kg4 Rb7 57. Kh5 Rc7 58. Rf6 Rb7 59.
Kg4 Rb4+ 60. Kf5 Rb5+ 61. Ke6 Rb6+ 62. Ke5 Rb5+ 63. Kd6 Rxg5 64. Rf7+ Kxg6 65.
Rxa7 Rf5 1/2-1/2

[Event "SuperLiga-ROM"]
[Site "Eforie Nord ROM"]
[Date "2008.09.01"]
[Round "1"]
[White "Nanu, C."]
[Black "Nevednichy, V."]
[Result "0-1"]
[WhiteElo "2514"]
[BlackElo "2577"]
[PlyCount "77"]
[EventDate "2008.09.01"]
[SourceDate "1999.07.01"]

1. d4 e6 2. e4 d5 3. e5 c5 4. c3 Nc6 5. Be3 Qb6 6. Qd2 f6 7. f4 Nh6 8. Nf3 fxe5
9. fxe5 Nf5 10. Bf2 Be7 11. Be2 O-O 12. O-O Bd7 13. Na3 cxd4 14. cxd4 Rac8 15.
Nc2 Na5 16. b3 Bb5 17. Bxb5 Qxb5 18. Rac1 Nc6 19. h3 Qa6 20. Ra1 Bd8 21. Rfc1
Be7 22. Ne3 Nh6 23. a3 Qb6 24. b4 a5 25. bxa5 Nxa5 26. Rab1 Qa6 27. a4 Nf7 28.
Qb2 Rxc1+ 29. Rxc1 Ng5 30. Nxg5 Bxg5 31. Rc7 Bxe3 32. Bxe3 Nc4 33. Qe2 Qb6 34.
Rxc4 dxc4 35. Qxc4 Qa6 36. Qb3 Qc6 37. a5 Rc8 38. Kh2 Qd5 39. Qb4 0-1

[Event "Politiken Cup"]
[Site "Helsingor DEN"]
[Date "2008.07.25"]
[Round "8"]
[White "Hector, J."]
[Black "Roiz, M."]
[Result "1/2-1/2"]
[WhiteElo "2537"]
[BlackElo "2680"]
[PlyCount "53"]
[EventDate "2008.07.19"]
[SourceDate "1999.07.01"]

1. e4 e6 2. d4 d5 3. e5 c5 4. c3 Nc6 5. Nf3 Bd7 6. Bd3 cxd4 7. O-O Qb6 8. Re1
Nge7 9. h4 h6 10. h5 Rc8 11. Bc2 dxc3 12. Nxc3 d4 13. Na4 Qc7 14. Be4 Nd5 15.
Bxd5 exd5 16. Nxd4 Nxd4 17. Qxd4 Qc4 18. Qxc4 Rxc4 19. Nc3 d4 20. Ne4 Bb4 21.
Nd6+ Bxd6 22. exd6+ Be6 23. b3 Rc5 24. Bb2 Rd5 25. Rad1 Rxd6 26. Rxd4 Rxd4 27.
Bxd4 1/2-1/2

[Event "19th Czech Chladek & Tintera A Open"]
[Site "Pardubice CZE"]
[Date "2008.07.26"]
[Round "9"]
[White "Kononenko, Dmitry1"]
[Black "Schlosser, P."]
[Result "1/2-1/2"]
[WhiteElo "2502"]
[BlackElo "2567"]
[PlyCount "48"]
[EventDate "2008.07.18"]
[SourceDate "1999.07.01"]

1. e4 e6 2. d4 d5 3. e5 c5 4. c3 Nc6 5. Nf3 Bd7 6. Be2 Rc8 7. O-O a6 8. Kh1 h6
9. h3 Qc7 10. a3 cxd4 11. cxd4 Na5 12. Nbd2 Ne7 13. b3 Ng6 14. Re1 Be7 15. Bb2
Qc2 16. Rb1 Nf4 17. Qxc2 Rxc2 18. Bf1 Bb5 19. Bxb5+ axb5 20. Re3 Kd7 21. Kh2 b4
22. a4 Rhc8 23. g3 Ng6 24. Kg2 Bg5 1/2-1/2

[Event "IX EICC"]
[Site "Plovdiv BUL"]
[Date "2008.05.02"]
[Round "11"]
[White "Zhigalko, S."]
[Black "Istratescu, A."]
[Result "1/2-1/2"]
[WhiteElo "2568"]
[BlackElo "2628"]
[PlyCount "78"]
[EventDate "2008.04.21"]
[SourceDate "1999.07.01"]

1. e4 e6 2. d4 d5 3. e5 c5 4. c3 Nc6 5. Nf3 Bd7 6. Be2 Nge7 7. Na3 cxd4 8. cxd4
Nf5 9. Nc2 Rc8 10. O-O Be7 11. Bd3 h5 12. Rb1 a5 13. h3 g5 14. g4 hxg4 15. hxg4
Nh4 16. Be3 Nb4 17. Nxb4 axb4 18. Nxh4 Rxh4 19. f3 f6 20. Bf2 Rh6 21. Kg2 Kf7
22. Bg3 Qh8 23. exf6 Bxf6 24. Qd2 Qg7 25. Qxb4 Bc6 26. Rh1 Rch8 27. Rxh6 Rxh6
28. Rf1 Bxd4 29. f4 Bf6 30. Bb5 gxf4 31. Rxf4 e5 32. Rf5 Ke6 33. Bxc6 bxc6 34.
a4 Rg6 35. Kh3 Qh6+ 36. Kg2 Qg7 37. Kh3 Qh6+ 38. Kg2 Qg7 39. Kh3 Qh6+ 1/2-1/2

[Event "IX EICC"]
[Site "Plovdiv BUL"]
[Date "2008.04.27"]
[Round "7"]
[White "Fedorchuk, S."]
[Black "Kosic, D."]
[Result "1-0"]
[WhiteElo "2671"]
[BlackElo "2500"]
[PlyCount "42"]
[EventDate "2008.04.21"]
[SourceDate "1999.07.01"]

1. e4 e6 2. d4 d5 3. e5 c5 4. c3 Nc6 5. Nf3 Nge7 6. Bd3 cxd4 7. cxd4 Nf5 8.
Bxf5 exf5 9. O-O h6 10. Nc3 Be6 11. Ne1 Rc8 12. Be3 g5 13. f4 g4 14. Nd3 Qd7
15. Rc1 b6 16. Bf2 Be7 17. Qe1 O-O 18. Ne2 Qd8 19. Ng3 Kh8 20. Nh5 Nb8 21. Rxc8
Qxc8 1-0

[Event "1st Pfalz Open"]
[Site "Neustadt a.d. Weinstrasse GER"]
[Date "2008.02.20"]
[Round "6"]
[White "Haba, P."]
[Black "Graf, A."]
[Result "1/2-1/2"]
[WhiteElo "2536"]
[BlackElo "2586"]
[PlyCount "43"]
[EventDate "2008.02.16"]
[SourceDate "1999.07.01"]

1. e4 e6 2. d4 d5 3. e5 Bd7 4. Nf3 a6 5. Bg5 Be7 6. Bxe7 Nxe7 7. Be2 c5 8. dxc5
Nbc6 9. c4 Qa5+ 10. Nc3 d4 11. Nxd4 Qxc5 12. Nf3 Nxe5 13. Ne4 Qb4+ 14. Qd2
Qxd2+ 15. Kxd2 N7g6 16. Nxe5 Nxe5 17. f4 Ng6 18. Ke3 Nh4 19. g3 Nf5+ 20. Kf2
Bc6 21. Bf3 Ke7 22. Rhd1 1/2-1/2

[Event "38th Olympiad"]
[Site "Dresden GER"]
[Date "2008.11.25"]
[Round "11"]
[White "Iuldachev, S."]
[Black "Kosic, D."]
[Result "0-1"]
[WhiteElo "2511"]
[BlackElo "2511"]
[PlyCount "82"]
[EventDate "2008.11.13"]
[SourceDate "1999.07.01"]

1. e4 e6 2. d4 d5 3. e5 c5 4. c3 Nc6 5. Nf3 Bd7 6. Be2 Nh6 7. O-O cxd4 8. cxd4
Nf5 9. Nc3 Rc8 10. Kh1 h5 11. Be3 Na5 12. Bd3 Nxe3 13. fxe3 Nc4 14. Qe2 Be7 15.
e4 Qa5 16. exd5 exd5 17. b4 Bxb4 18. Ng5 Bg4 19. Qf2 O-O 20. Bxc4 Bxc3 21. h3
Bxa1 22. hxg4 dxc4 23. Qc2 g6 24. Rxa1 Qd8 25. Qd2 c3 26. Qf4 c2 27. gxh5 c1=Q+
28. Rxc1 Rxc1+ 29. Qxc1 Qxd4 30. Nf3 Qg4 31. hxg6 Qxg6 32. Qc7 Qc6 33. Qe7 Re8
34. Qh4 Qg6 35. Qa4 Rc8 36. Qd7 Qh7+ 37. Kg1 Rc1+ 38. Kf2 Rc2+ 39. Kg1 Qg6 40.
Qd8+ Kg7 41. Nh4 Qb6+ 0-1

[Event "8th Amplico AIG Life Rapid"]
[Site "Warsaw POL"]
[Date "2008.12.21"]
[Round "11"]
[White "Zhigalko, A."]
[Black "Vitiugov, N."]
[Result "0-1"]
[WhiteElo "2568"]
[BlackElo "2638"]
[PlyCount "72"]
[EventDate "2008.12.20"]
[SourceDate "1999.07.01"]

1. e4 e6 2. d4 d5 3. e5 c5 4. c3 Qb6 5. Nf3 Nc6 6. Na3 cxd4 7. cxd4 Nh6 8. Nc2
Nf5 9. Bd3 Be7 10. O-O Bd7 11. b4 Rc8 12. a3 a5 13. Rb1 axb4 14. axb4 Na7 15.
g4 Nh6 16. Ne3 Nb5 17. Bb2 f6 18. Qd2 Nf7 19. Rfc1 O-O 20. Ng2 Rxc1+ 21. Rxc1
fxe5 22. dxe5 Ng5 23. Nxg5 Bxg5 24. Qxg5 Qxf2+ 25. Kh1 Qxb2 26. Rf1 Qxb4 27.
Nf4 h6 28. Qg6 Rxf4 29. Qh7+ Kf8 30. Qh8+ Kf7 31. Rb1 Qd4 32. Bh7 Qxe5 33. Qd8
Be8 34. Bg6+ Kxg6 35. Qxe8+ Kh7 36. Qxb5 Qe4+ 0-1

[Event "XXI Carlos Torre KO"]
[Site "Merida MEX"]
[Date "2008.12.17"]
[Round "1.2"]
[White "Leon Hoyos, M."]
[Black "Meier, Geo"]
[Result "1-0"]
[WhiteElo "2535"]
[BlackElo "2558"]
[PlyCount "95"]
[EventDate "2008.12.17"]
[SourceDate "1999.07.01"]

1. e4 e6 2. d4 d5 3. e5 c5 4. c3 Qb6 5. Nf3 Nc6 6. Bd3 cxd4 7. cxd4 Bd7 8. O-O
Nxd4 9. Nbd2 Nc6 10. Nb3 Nge7 11. Be3 Qc7 12. Rc1 Ng6 13. Nc5 Ngxe5 14. Nxe5
Qxe5 15. Nxb7 d4 16. Bd2 Rb8 17. Re1 Qc7 18. Na5 Qb6 19. Nxc6 Bxc6 20. Qh5 Bd7
21. Ba5 Qd6 22. Bc7 Qb4 23. a3 Qb7 24. Bxb8 Qxb8 25. Qg4 Qb6 26. Rc4 g6 27.
Qxd4 Qxd4 28. Rxd4 Bc5 29. Rd5 Bb6 30. Bb5 Bxb5 31. Rxb5 Ke7 32. g3 Rd8 33. Re2
f5 34. a4 Kf6 35. Kg2 h5 36. a5 Bd4 37. h4 Rc8 38. Rd2 e5 39. f4 Rc4 40. fxe5+
Bxe5 41. Rb7 Rg4 42. Rd3 f4 43. Rxa7 fxg3 44. Ra6+ Kf5 45. Rf3+ Ke4 46. Rb6 g5
47. Rb4+ Kd5 48. Rd3+ 1-0

[Event "15th Croatian Open A"]
[Site "Zadar CRO"]
[Date "2008.12.15"]
[Round "2"]
[White "Stevic, H."]
[Black "Tratar, M."]
[Result "1-0"]
[WhiteElo "2588"]
[BlackElo "2507"]
[PlyCount "137"]
[EventDate "2008.12.14"]
[SourceDate "1999.07.01"]

1. e4 e6 2. d4 d5 3. e5 c5 4. c3 Nc6 5. Nf3 Bd7 6. Be2 Nge7 7. Na3 cxd4 8. cxd4
Nf5 9. Nc2 Qa5+ 10. Bd2 Qb6 11. Bc3 a5 12. a3 a4 13. O-O Na5 14. Qd3 Nb3 15.
Rad1 h5 16. Ne3 Nh6 17. Nd2 Nxd2 18. Rxd2 g6 19. Rc2 Be7 20. Rfc1 Bc6 21. Qd2
Qd8 22. Bb4 Bg5 23. Qd3 Qd7 24. g3 Ng8 25. f4 Bh6 26. Rf1 Ne7 27. h3 Bg7 28. g4
hxg4 29. hxg4 f5 30. exf6 Bxf6 31. g5 Bg7 32. Bxe7 Kxe7 33. Ng4 Raf8 34. Rd2
Qe8 35. Qe3 Rf5 36. Bd3 Rff8 37. Re2 Kd7 38. Rh2 Rxh2 39. Kxh2 Rh8+ 40. Kg3 Qf7
41. Re1 Kd8 42. Re2 Bd7 43. Rh2 Rxh2 44. Nxh2 Be8 45. Nf3 Qg8 46. Qe1 Kc8 47.
Qa5 Qf7 48. Bc2 Qd7 49. Qc5+ Kb8 50. Bd3 Qc7 51. Qxc7+ Kxc7 52. Kf2 b5 53. Ke3
Kd6 54. Nh4 Ke7 55. Bxg6 Bd7 56. Bd3 Kd8 57. Nf3 Be8 58. Ne5 Bf8 59. Bg6 b4 60.
axb4 Bxb4 61. Bxe8 Kxe8 62. Nd3 a3 63. bxa3 Bxa3 64. f5 exf5 65. Kf4 Bf8 66.
Ke5 Bg7+ 67. Kxd5 Bh8 68. Ne5 Bg7 69. Ke6 1-0

[Event "TCh-CAT"]
[Site "?"]
[Date "2012.??.??"]
[Round "5"]
[White "Spraggett, K."]
[Black "Gonzalez Garcia, J2."]
[Result "0-1"]
[WhiteElo "2580"]
[BlackElo "2525"]
[PlyCount "78"]
[EventDate "2012.??.??"]
[SourceDate "1999.07.01"]

1. e4 e6 2. d4 d5 3. e5 c5 4. Nf3 cxd4 5. Bd3 Nc6 6. O-O Nge7 7. Bf4 Ng6 8. Bg3
f5 9. exf6 gxf6 10. Nh4 f5 11. Qh5 Qf6 12. f4 Bd6 13. Nd2 O-O 14. Rae1 Bd7 15.
a3 a6 16. Kh1 Rac8 17. Nb3 Rc7 18. Nxg6 hxg6 19. Qf3 Bc8 20. Rd1 Rh7 21. Be2
Qh8 22. h3 g5 23. fxg5 Ne5 24. Qf2 f4 25. Bxf4 Ng6 26. Bxd6 Rxf2 27. Rxf2 e5
28. Rdf1 Nf4 29. Bxe5 Qxe5 30. Rxf4 Qxe2 31. Rf8+ Kg7 32. R1f7+ Kg6 33. Rxh7
Kxh7 34. Rxc8 d3 35. Rc7+ Kg6 36. Rxb7 dxc2 37. Rb6+ Kxg5 38. Rc6 Qe1+ 39. Kh2
Qe5+ 0-1

[Event "XI Mario Covas Jr"]
[Site "Santos BRA"]
[Date "2012.12.12"]
[Round "3.3"]
[White "Cubas, Jo"]
[Black "Rodriguez Vila, A."]
[Result "1-0"]
[WhiteElo "2528"]
[BlackElo "2549"]
[PlyCount "77"]
[EventDate "2012.12.10"]
[SourceDate "1999.07.01"]

1. e4 e6 2. d4 d5 3. e5 c5 4. c3 Nc6 5. Nf3 Bd7 6. Be2 Nge7 7. Na3 Ng6 8. h4
cxd4 9. cxd4 Bb4+ 10. Kf1 O-O 11. h5 Nh8 12. Bd3 h6 13. Nc2 f5 14. exf6 Qxf6
15. Nxb4 Nxb4 16. Bb1 Rac8 17. Be3 Nf7 18. a3 Bb5+ 19. Kg1 Nc6 20. a4 Ba6 21.
Qc2 Nd6 22. Qh7+ Kf7 23. Bg6+ Ke7 24. Bxh6 Nxd4 25. Qxg7+ Qxg7 26. Bxg7 Nxf3+
27. gxf3 Rxf3 28. h6 Nf7 29. Kg2 Rf4 30. Kg3 Rb4 31. Rac1 Rb3+ 32. f3 Bc4 33.
Bxf7 Kxf7 34. Be5 Rg8+ 35. Kf2 d4 36. Bxd4 e5 37. h7 Rxf3+ 38. Kxf3 Bd5+ 39.
Ke2 1-0

[Event "SportAccord Rapid Men 2012"]
[Site "Beijing CHN"]
[Date "2012.12.14"]
[Round "3.4"]
[White "Grischuk, A."]
[Black "Jobava, Ba"]
[Result "1/2-1/2"]
[WhiteElo "2764"]
[BlackElo "2711"]
[PlyCount "132"]
[EventDate "2012.12.14"]
[SourceDate "1999.07.01"]

1. e4 e6 2. d4 d5 3. e5 c5 4. c3 Nc6 5. Nf3 Bd7 6. Be2 f6 7. O-O fxe5 8. Nxe5
Bd6 9. Bf4 Bxe5 10. dxe5 Nge7 11. Bh5+ g6 12. Bg4 O-O 13. Bh6 Rf7 14. f4 c4 15.
b3 b5 16. Nd2 Qa5 17. Rc1 Rd8 18. bxc4 bxc4 19. Nf3 Qxa2 20. Ng5 Rf5 21. Qe1
Rb8 22. Ra1 Qc2 23. Rf2 Qb3 24. Kh1 Qb6 25. Rf1 Qd8 26. Qh4 Rb3 27. Rac1 a5 28.
Rf3 Qb6 29. h3 Qd8 30. Re1 a4 31. Nxh7 Kxh7 32. Bg5+ Kg8 33. Bf6 Qf8 34. Rg3
Kf7 35. Bxf5 exf5 36. e6+ Bxe6 37. Rge3 Nd8 38. Bd4 Ke8 39. Rxe6 Nxe6 40. Rxe6
Kd7 41. Rf6 Rb1+ 42. Kh2 Qd8 43. Rf7 a3 44. Bc5 a2 45. Bxe7 Qe8 46. Qf6 a1=Q
47. Ba3+ Qxf7 48. Qxf7+ Kc6 49. Qe8+ Kb6 50. Qd8+ Kb5 51. Qd7+ Ka6 52. Qc8+ Ka5
53. Qa8+ Kb5 54. Qe8+ Kb6 55. Qb8+ Kc6 56. Qc8+ Kb5 57. Qe8+ Ka6 58. Qc6+ Ka7
59. Bc5+ Kb8 60. Bd6+ Ka7 61. Bc5+ Kb8 62. Bd6+ Ka7 63. Qc7+ Ka6 64. Qc8+ Kb5
65. Qd7+ Ka6 66. Qc6+ Ka7 1/2-1/2

[Event "Chigorin Mem Rapid"]
[Site "St Petersburg RUS"]
[Date "2012.10.26"]
[Round "7.7"]
[White "Savchenko, B."]
[Black "Zvjaginsev, V."]
[Result "0-1"]
[WhiteElo "2540"]
[BlackElo "2678"]
[PlyCount "88"]
[EventDate "2012.10.25"]
[SourceDate "1999.07.01"]

1. e4 e6 2. d4 d5 3. e5 c5 4. c3 Nc6 5. Nf3 Bd7 6. a3 c4 7. g3 Na5 8. Nbd2 Ne7
9. h4 Nc8 10. Bh3 Nb6 11. Nf1 h6 12. Ne3 Nb3 13. Rb1 Qc7 14. Nd2 Nxc1 15. Rxc1
O-O-O 16. f4 h5 17. f5 exf5 18. Bxf5 Bxf5 19. Nxf5 g6 20. Ne3 f6 21. Nf3 fxe5
22. dxe5 Bc5 23. Qe2 Rhe8 24. Rd1 Rxe5 25. Nxe5 Qxe5 26. Nf1 Qf5 27. Kd2 Na4
28. Kc1 Bxa3 29. bxa3 Nxc3 30. Qc2 Qxc2+ 31. Kxc2 Nxd1 32. Kxd1 Kc7 33. Ne3 b5
34. Rf1 d4 35. Ng2 Rd6 36. g4 hxg4 37. Rf4 a5 38. Rxg4 b4 39. axb4 axb4 40. Nf4
b3 41. Nxg6 b2 42. Kc2 Rb6 43. Kb1 c3 44. Ne5 c2+ 0-1

[Event "Magistral La Razon 2012"]
[Site "Villa Martelli ARG"]
[Date "2012.10.29"]
[Round "8.3"]
[White "Mekhitarian, K."]
[Black "Lemos, D."]
[Result "1/2-1/2"]
[WhiteElo "2503"]
[BlackElo "2542"]
[PlyCount "175"]
[EventDate "2012.10.23"]
[SourceDate "1999.07.01"]

1. e4 e6 2. d4 d5 3. e5 c5 4. c3 Qb6 5. Nf3 Nc6 6. a3 c4 7. Nbd2 Na5 8. g3 Bd7
9. Bg2 Ne7 10. O-O Qc7 11. Re1 Nc8 12. h4 Nb6 13. Nf1 Nb3 14. Rb1 Nxc1 15. Qxc1
O-O-O 16. Bh3 h6 17. h5 Be7 18. Ne3 Kb8 19. Ng2 Rdf8 20. Qe3 a6 21. Re2 Ka7 22.
Rf1 Na4 23. Nh2 Rhg8 24. Qd2 Nb6 25. Ng4 Qd8 26. Qc2 Ba4 27. Qb1 Be8 28. Kh2
Na8 29. N4e3 Nc7 30. Nf4 Bg5 31. Neg2 Qe7 32. Qd1 Bxf4 33. Nxf4 g5 34. hxg6
fxg6 35. f3 g5 36. Ng2 Bg6 37. Ref2 Bd3 38. Ne3 h5 39. Rg1 g4 40. Bf1 h4 41.
Bxd3 hxg3+ 42. Rxg3 Qh4+ 43. Kg2 gxf3+ 44. Rfxf3 cxd3 45. Nf1 Rh8 46. Qxd3 Qh1+
47. Kf2 Rfg8 48. Rxg8 Rxg8 49. Rg3 Rf8+ 50. Rf3 Rh8 51. Qg6 Qh4+ 52. Ke2 Rh5
53. Qg1 Rg5 54. Rg3 Rf5 55. Rg4 Qh6 56. Ng3 Rf7 57. Qh1 Qf8 58. Qg2 Qe8 59. Ke1
Qh8 60. Ne2 Qh7 61. Rg6 Qh4+ 62. Kd2 Qh5 63. Qg4 Qh1 64. Qg1 Qh5 65. Qg4 Qh1
66. Rf6 Rh7 67. Qg1 Qh5 68. Qg6 Qh1 69. Qg1 Qh5 70. Qg6 Qh1 71. Rf7 Rxf7 72.
Qxf7 Na8 73. Qxe6 Nb6 74. b3 Qb1 75. Nc1 Qb2+ 76. Kd1 Qxc3 77. Qg4 Nc8 78. Qf4
Ne7 79. Qd2 Qf3+ 80. Kc2 Nc6 81. Kb2 Qe4 82. Ne2 Qg2 83. Qe3 Kb8 84. e6 Qg7 85.
Kc3 Qe7 86. b4 a5 87. bxa5 Qxa3+ 88. Kd2 1/2-1/2

[Event "1st Simon Bolivar Open 2012"]
[Site "San Cristobal VEN"]
[Date "2012.09.27"]
[Round "4.3"]
[White "Alvarez Pedraza, A."]
[Black "Rakhmanov, Ale"]
[Result "1/2-1/2"]
[WhiteElo "2526"]
[BlackElo "2582"]
[PlyCount "42"]
[EventDate "2012.09.25"]
[SourceDate "1999.07.01"]

1. e4 e6 2. d4 d5 3. e5 c5 4. c3 Nc6 5. Nf3 Qb6 6. a3 c4 7. Nbd2 Na5 8. g3 Bd7
9. Bg2 Ne7 10. O-O h6 11. Rb1 Qc7 12. Re1 Nc8 13. Nf1 Nb6 14. Ne3 O-O-O 15. h4
Be7 16. h5 Rdg8 17. Ng4 Ba4 18. Qe2 Nd7 19. Bf4 Kb8 20. Ne3 Nb6 21. Bh3 a6
1/2-1/2

[Event "1st Simon Bolivar Open 2012"]
[Site "San Cristobal VEN"]
[Date "2012.09.30"]
[Round "10.2"]
[White "Rodriguez Vila, A."]
[Black "Rakhmanov, Ale"]
[Result "1-0"]
[WhiteElo "2531"]
[BlackElo "2582"]
[PlyCount "71"]
[EventDate "2012.09.25"]
[SourceDate "1999.07.01"]

1. e4 e6 2. d4 d5 3. e5 c5 4. c3 Nc6 5. Nf3 Qb6 6. Bd3 cxd4 7. cxd4 Bd7 8. O-O
Nxd4 9. Nbd2 Nxf3+ 10. Nxf3 h6 11. a3 a5 12. b4 Ne7 13. Be3 Qd8 14. Qd2 Nc8 15.
Nd4 Be7 16. Rfc1 Nb6 17. bxa5 Nc4 18. Bxc4 dxc4 19. Rxc4 Qxa5 20. Qb2 Qxe5 21.
Qxb7 Rb8 22. Qa7 Bd6 23. g3 Qd5 24. Ra4 Ke7 25. Ra5 Qb7 26. Rd1 Rhd8 27. Nf5+
exf5 28. Qd4 Qc6 29. Qxg7 Qf3 30. Re1 Be6 31. Bxh6 Kd7 32. Qd4 Ra8 33. Bf4 Qc6
34. Rb5 Ra6 35. Reb1 Kc7 36. Rc5 1-0

[Event "40th Olympiad Open"]
[Site "Istanbul TUR"]
[Date "2012.09.07"]
[Round "10.24"]
[White "Smerdon, D."]
[Black "Zhang Zhong"]
[Result "0-1"]
[WhiteElo "2507"]
[BlackElo "2595"]
[PlyCount "76"]
[EventDate "2012.08.28"]
[SourceDate "1999.07.01"]
[WhiteTeam "Australia"]
[BlackTeam "Singapore"]
[WhiteTeamCountry "AZE"]
[BlackTeamCountry "SKI"]

1. e4 e6 2. d4 d5 3. e5 c5 4. c3 Nc6 5. Nf3 Qb6 6. a3 c4 7. Nbd2 Na5 8. Be2 Bd7
9. O-O h6 10. Rb1 Ne7 11. Re1 Qc7 12. Nf1 Nc8 13. N3d2 Nb6 14. Bh5 g6 15. Bg4
h5 16. Bh3 Ba4 17. Qf3 Bc2 18. Ra1 Be7 19. Ne3 Bd3 20. g3 Rh7 21. Ng2 g5 22. g4
hxg4 23. Bxg4 f5 24. Bh5+ Kd7 25. b4 Nc6 26. Qd1 Rah8 27. Be2 Rxh2 28. f4 Bxe2
29. Qxe2 Na4 30. Nb1 g4 31. Be3 Bh4 32. Kxh2 Bxe1+ 33. Kg1 Bxc3 34. Ra2 Nxd4
35. Qd1 Nf3+ 36. Kf2 Nb2 37. Rxb2 Bxb2 38. Qa4+ Ke7 0-1

[Event "87th ch-FRA 2012"]
[Site "Pau FRA"]
[Date "2012.08.23"]
[Round "10"]
[White "Edouard, R."]
[Black "Vaisser, A."]
[Result "1-0"]
[WhiteElo "2652"]
[BlackElo "2556"]
[PlyCount "115"]
[EventDate "2012.08.13"]
[SourceDate "1999.07.01"]

1. e4 e6 2. d4 d5 3. e5 c5 4. c3 Qb6 5. Nf3 Bd7 6. Bd3 cxd4 7. Nxd4 Nc6 8. Nxc6
bxc6 9. Nd2 Ne7 10. Nf3 c5 11. Qe2 Rb8 12. b3 Nc6 13. O-O Qc7 14. Bf4 g6 15.
Bg3 Bg7 16. c4 d4 17. Rae1 a5 18. Nd2 a4 19. h4 axb3 20. axb3 Ne7 21. h5 Bc6
22. Bf4 O-O 23. Qg4 Nf5 24. Bxf5 exf5 25. Qg3 Qa7 26. e6 Rbc8 27. e7 Rfe8 28.
h6 Bf6 29. Bg5 Bh8 30. Qh4 Qd7 31. Bf6 Qd6 32. Bxh8 Kxh8 33. b4 g5 34. Qxg5 Rg8
35. e8=Q Bxe8 36. Qxf5 Bd7 37. Ne4 Qe7 38. Nxc5 Bxf5 39. Rxe7 Bh3 40. Kh2 Bxg2
41. Rg1 Bf3 42. Rxf7 Rxg1 43. Kxg1 Be2 44. Rd7 Bxc4 45. Rxd4 Bb5 46. Ne6 Kg8
47. Rd8+ Rxd8 48. Nxd8 Kf8 49. Ne6+ Ke7 50. Nd4 Bd7 51. Kg2 Kf6 52. Kf3 Ke5 53.
Ke3 Kd5 54. f4 Bc8 55. b5 Bb7 56. Nf3 Bc8 57. Ng5 Bf5 58. b6 1-0

[Event "14th Sants Open A Tie-Breaks"]
[Site "Barcelona ESP"]
[Date "2012.08.26"]
[Round "3.1"]
[White "Spraggett, K."]
[Black "Cordova, E."]
[Result "1-0"]
[WhiteElo "2595"]
[BlackElo "2572"]
[PlyCount "87"]
[EventDate "2012.08.17"]
[SourceDate "1999.07.01"]

1. e4 e6 2. d4 d5 3. e5 c5 4. Nf3 Nc6 5. Bd3 Bd7 6. O-O Rc8 7. dxc5 Bxc5 8. a3
a5 9. Bf4 Nge7 10. Nbd2 Ng6 11. Bg3 O-O 12. c4 dxc4 13. Nxc4 b5 14. Nd6 Bxd6
15. exd6 Qb6 16. Qe2 b4 17. h4 Rfe8 18. h5 Nf8 19. h6 Ng6 20. hxg7 Kxg7 21.
Rac1 f6 22. Rfd1 e5 23. Be4 Na7 24. Rxc8 Rxc8 25. Nh4 bxa3 26. bxa3 Rc3 27. Kh2
Qb3 28. Qh5 Qf7 29. Nf5+ Bxf5 30. Bxf5 Nc6 31. d7 Nd8 32. Qe2 Rxa3 33. Rc1 Ra4
34. Qb5 Rd4 35. Qxa5 Qe7 36. Rc8 Nf7 37. Re8 Qd6 38. Qa8 Nf8 39. f3 Nxd7 40.
Rg8+ Kh6 41. Bxd7 Qxd7 42. Qf8+ Kh5 43. Qg7 Ng5 44. Qxf6 1-0

[Event "Turkish Bank Chess League 2012"]
[Site "Konya TUR"]
[Date "2012.07.13"]
[Round "3"]
[White "Savchenko, B."]
[Black "Tiviakov, S."]
[Result "1/2-1/2"]
[WhiteElo "2550"]
[BlackElo "2675"]
[PlyCount "39"]
[EventDate "2012.07.11"]
[SourceDate "1999.07.01"]
[WhiteTeam "Manisa T.S Alyans"]
[BlackTeam "Istanbul Pera"]

1. e4 e6 2. d4 d5 3. e5 c5 4. c3 Qb6 5. a3 Nc6 6. Nf3 Nh6 7. b4 cxd4 8. cxd4
Nf5 9. Be3 Bd7 10. Bd3 Rc8 11. O-O Be7 12. Qd2 Nxe3 13. fxe3 f6 14. exf6 Bxf6
15. Nc3 O-O 16. Na4 Qd8 17. Nc5 b6 18. Nxd7 Qxd7 19. Ba6 Rc7 20. g4 1/2-1/2